000 01641cas a22003731a 4500
999 _c7801
_d7801
001 7801
003 BD-JhCC
005 20180723194655.0
008 750823d19481966enksr p f0 a0eng c
035 _a(BD-JhCC)7801
040 _aMUL
_cMUL
_dOCL
_dNYG
_dNST
_dDLC
_dNST
_dDLC
_dDIBAM
_dAU@
_dUKMGB
_dOCLCQ
_dOCLCO
_dOCLCF
_dOCL
_dBD-JhCC
041 _aeng
050 0 0 _aDA10
_b.A35
082 0 4 _a942
_bIND 1966
245 0 0 _aIndex to Commonwealth survey /
260 _aLondon :
_bPublished for the Central Office of Information by H.M.S.O.
300 _av. :
_bill., maps ;
_c26 cm.
500 _a"A record of United Kingdom and Commonwealth affairs."
580 _aContinued by: Survey of British and Commonwealth affairs.
650 7 _aCommonwealth of Nations
_xSocieties, etc.
_xPeriodicals
_xPUBLICACIONES PERIODICAS.
650 7 _aBritish colonies.
651 0 _aCommonwealth countries
_vPeriodicals.
651 0 _aGreat Britain
_xColonies
_vPeriodicals.
651 7 _aGreat Britain
_xColonies
_xSocieties, etc.
_xPeriodicals
_xPUBLICACIONES PERIODICAS.
651 7 _aCommonwealth countries.
655 7 _aPeriodicals.
_2fast
710 1 _aGreat Britain.
_bCentral Office of Information.
_bReference Division.
776 1 _cMicrofilm
_dNew York Public Library
_w(DLC)sn 92013360
_w(OCoLC)19333319
776 0 8 _iOnline version:
_tCommonwealth survey
_w(OCoLC)604972284
776 0 8 _iOnline version:
_tCommonwealth survey
_w(OCoLC)604972301
785 1 0 _tSurvey of British and Commonwealth affairs
_x0586-0024
_w(DLC)sn 85064308
_w(OCoLC)1639558
942 _2ddc
_cBK